O dia do coelhinho (Registo nº 5884)

Detalhes MARC
000 -Etiqueta do registo
Valores 00503cam a2200193 4500
010 ## - Número ISBN
ISBN 9726492572
021 ## - Número do Depósito Legal
Número 51779/91
100 ## - Dados gerais de processamento
Dados gerais 20211231d1992 b y0pory5003 ba
200 1# - Titulo e menção de responsabilidade
Título próprio O dia do coelhinho
Primeira menção de responsabilidade il. Elizabeth Worsley
210 #9 - Publicação
Local de publicação [Porto]
Nome do editor Desabrochar
Data de publicação 1992
215 ## - Descrição física 
Paginação / Volumes [10] p.
Outras indicações físicas il.
225 ## - Colecção 
Título próprio da colecção Queridos orelhudos
Indicação de volume 4
675 ## - CDU
Notação 087.5
Edição BN
Língua por
700 ## - Autor principal (pessoa individual)
Apelido Worsley
Nome Elisabeth
ID Autoridade 5576
801 #0 - Fonte de origem
País PT
Agência BMVN
Regras de catalogação RPC
830 ## - Notas gerais do catalogador
Criado por Tânia Croca
Data de criação 31/12/2021
990 ## - Elementos KOHA
Tipo de documento Livro
Exemplares
Situação do levantamento Biblioteca de origem Código de barras Cota Permissão de empréstimo Tipo de documento Forma de aquisição
  Biblioteca Municipal de Vendas Novas 100000017448 LI EST/WOR   Livro  

Powered by Koha